Statistics for Dumb Quiz that will test your knowledge

Click here to take the quiz!

General Stats

  • This quiz has been taken 34 times
  • The average score is 2 of 9

Answer Stats

HintAnswer% Correct
What's 9+10?21
56%
What is my name?Awesomeness
44%
What is the answer to life?42
36%
Can pigs fly?Possibly
24%
Where is Walt Disney Land?It doesn't exist
8%
Who ls Piff's brother?Steve
8%
Why is Peter Pan always flying?He can Never Land
4%
How many questions will you get right?I don't know
4%
Who is Illuminati?KFC
4%

Score Distribution

Percentile by Number Answered

Percent of People with Each Score

Your Score History

You have not taken this quiz